Music Quiz

Random Music or Kpop Quiz
Score 0/30 Timer 15:00
0 Plays Today
% Correct
Big Bang
86.9%
SHINee
85.9%
Super Junior
85.8%
Teen Top
85.7%
T-ARA
85.2%
Kara
85.1%
B2ST
85.1%
Infinite
85%
TaeTiSeo
84.4%
MYNAME
84.1%
NU'EST
84%
SISTAR
83.9%
EXO
83.8%
Dalmatian
83.8%
U-KISS
83.7%
% Correct
Miss A
83.3%
Boyfriend
82.9%
B.A.P
82.8%
Secret
82%
A-Pink
80.9%
Wonder Girls
80%
MBLAQ
79.8%
Girls' Generation
79.5%
CN Blue
78.2%
4Minute
77.6%
After School
76.5%
FT Island
73.7%
F.Cuz
71.8%
f(x)
71.8%
TVXQ
70.5%
Remove Ads.
Support Sporcle.
Get the best of Sporcle when you Go Orange. This ad-free experience offers more features, more stats, and more fun while also helping to support Sporcle. Thank you for becoming a member.

You're not logged in!

Compare scores with friends on all Sporcle quizzes.
OR
Log In

Show Comments

Extras

Top Quizzes Today


Score Distribution

Your Account Isn't Verified!

In order to create a playlist on Sporcle, you need to verify the email address you used during registration. Go to your Sporcle Settings to finish the process.

Report this User

Report this user for behavior that violates our Community Guidelines.

Details: